00366nam a2200133 a 45000010010000000030011000100080041000210350026000620820014000881000020001022450031001222600053001536500026002060000-8749ELIB.Books110520 1975  a(ELIB.Books)0000-8895 a230 bTor aTorrance, T. F. aTheology in Reconciliation bLondon: Wm B. Eerdmans Publishing Company c1975 aTheology - Systematic